000 00943cam a2200253 a 4500
001 000005951
005 20200929151845.0
008 970724s1983 sp a 001 p spa
020 _a840005508X
040 _aDO-SdBNP
_cDLC
_dDLC
082 _a861.64
_bM337d
100 1 _aMarín Uriol, Miguel Ángel,
_d1945-
_916759
245 1 4 _aLos dedalos del humo /
_cMiguel Ángel Marín Uriol.
260 _aZaragoza, España :
_bInstitución "Fernando el Católico",
_c1983.
300 _a64 p. :
_bil. ;
_c25 cm.
490 1 _a"San Jorge"
_vvol. 37
490 1 _aPublicación de la Institución "Fernando el Católico"
_vno. 951.
586 _aPremio "San Jorge" de poesía, 1983.
650 4 _aPoesía española
_9631
650 4 _aLiteratura española
_xSiglo xx
_916760
830 0 _a"San Jorge" ;
_vvol. 37
_914363
830 0 _aPublicación de la Institución "Fernando el Católico" ;
_vno. 951
_913716
910 _aCatalogación por copia / LC
999 _c5747
_d5747